000 002300000a22000970004500
100 1 _aBray, Gerald
245 1 0 _aAdam and Christ (Romans 5:12-21)
300 _aVol. 18, Núm 1 (2000), Páginas 4-8
773 0 _tEvangel
942 _cANA
999 _c54430
_d54430